Τα αρχαία ελληνικά επιτύμβια επιγράμματα : ολόκληρο το έβδομο (VII) βιβλίο της ελληνικής ή παλατινής ανθολογίας

Αποθηκεύτηκε σε:
Λεπτομέρειες βιβλιογραφικής εγγραφής
Κύριος συγγραφέας: Λαζανάς, Βασίλης Ι., 1916-
Μορφή: Βιβλίο
Γλώσσα:Greek
Δημοσίευση: Αθήναι : 1989.
Θέματα:
Ετικέτες: Προσθήκη ετικέτας
Δεν υπάρχουν, Καταχωρήστε ετικέτα πρώτοι!

MARC

LEADER 00000cam a2200000 i 4500
001 1/6171
008 960625s1989 gr | ||| |||| ||gre||
035 |l 10016261 
040 |a GR-MY-UA  |b gre  |e aacr 
041 0 |a gre 
082 7 |a 881.27   |2 (22) 
100 1 |a Λαζανάς, Βασίλης Ι.,   |d 1916- 
245 1 3 |a Τα αρχαία ελληνικά επιτύμβια επιγράμματα :   |b ολόκληρο το έβδομο (VII) βιβλίο της ελληνικής ή παλατινής ανθολογίας /   |c Βασ. Ι. Λαζανά.  
260 |a Αθήναι :   |c 1989.  
300 |a 467 σ. ;   |c 24 εκ.  
500 |a Προλεγόμενα - Αρχαίο κείμενο - Έμμετρη μετάφραση - Σχόλια - Βιογραφικά σημειώματα των ποιητών.  
650 0 0 |a Epigrams, Greek. 
650 0 0 |a Inscriptions, Ancient  |z Greece. 
650 0 0 |a Epic poetry, Greek. 
852 |a INST  |b LESVOS  |e 19960625  |h 881.27 ΛΑΖ  |p 005100009825  |q 005100009825  |t BK  |y 0 
909 |a Λ  |b 042332 
970 |z 1996/06